BELL'ITALIA. N.10.(79). NOVEMBRE 1992. SPECIALE CALABRIA. (Record n. 335210)

Dettagli MARC
000 -LEADER
fixed length control field 02050nas a2200277Ia 4500
001 - CONTROL NUMBER
control field R053-S7663
003 - CONTROL NUMBER IDENTIFIER
control field IT-CnALBA
008 - FIXED-LENGTH DATA ELEMENTS--GENERAL INFORMATION
fixed length control field 170116c99999999xx |||||||||||| ||und||
040 ## - CATALOGING SOURCE
Original cataloging agency IT-CnALBA
Transcribing agency IT-CnALBA
041 ## - LANGUAGE CODE
Language code of text/sound track or separate title ITALIANO
999 ## - SYSTEM CONTROL NUMBERS (KOHA)
Koha Dewey Subclass [OBSOLETE] NO
100 ## - MAIN ENTRY--PERSONAL NAME
Personal name GRAZZINI GIUSEPPE
210 ## - ABBREVIATED TITLE
Abbreviated title BELL'ITALIA
222 ## - KEY TITLE
Key title BELL'ITALIA
245 #0 - TITLE STATEMENT
Title BELL'ITALIA. N.10.(79). NOVEMBRE 1992. SPECIALE CALABRIA.
250 ## - EDITION STATEMENT
Edition statement 1a ed.
260 ## - PUBLICATION, DISTRIBUTION, ETC. (IMPRINT)
Place of publication, distribution, etc. MILANO
Name of publisher, distributor, etc. MONDADORI GIORGIO EDIT.
Date of publication, distribution, etc. 1992 [1° Ed.:1992 - Ed.Ling.Originale: 1992]
300 ## - PHYSICAL DESCRIPTION
Extent 130 p.
310 ## - CURRENT PUBLICATION FREQUENCY
Current publication frequency MENSILE
362 ## - DATES OF PUBLICATION AND/OR SEQUENTIAL DESIGNATION
Dates of publication and/or sequential designation Fascicolo: 79 / Anno: 7 (1992)
500 ## - GENERAL NOTE
General note NELLA LETTERATURA. OSPITALITA'. VACANZE E AFFARI. LE GHIOTTONERIE. IL CENTRO DI COSENZA. PARCHI: RAGANELLO DEL POLLINO, FEDE E TRADIZIONE. PALUMBO SILA: VILLAGGIO, MUSEI, MERAVIGLIE. ARTIGIANATO FERRO CERAMICHE. LEGNO TESSUTI VIMINI. GASTRONOMIA. LA CARNE, SIGNORE DI LOCRI E GERACE. DAL SUD IN EUROPA. DA PALINURO A CAPO SPUNICO. LOCRIDE, STATUETTE. ARCHITETTURE, PORTALI DELLE CHIESE. VESTITI ANTICHI E MODERNI. PAESAGGI E BORGHI. MONTI SILA. ARTISTI. SANTI DI TAVERNA. MATTIA PRETI. IL CODICE PURPUREO. ARTE E MINIATURA. CHIERICI I. DRESCIG M. FABIANI E. GIUNTINI R. MAGNI E. MORGAN K. ORSINI N. SGARBI V.
501 ## - WITH NOTE
With note Società San Paolo EM - Piazza San Paolo, 14 - 12051 ALBA (CN) (non commercial uses only) ® Copyright 2017
520 ## - SUMMARY, ETC.
Summary, etc. NELLA LETTERATURA. OSPITALITA'. VACANZE E AFFARI. LE GHIOTTONERIE. IL CENTRO DI COSENZA. PARCHI: RAGANELLO DEL POLLINO, FEDE E TRADIZIONE. PALUMBO SILA: VILLAGGIO, MUSEI, MERAVIGLIE. ARTIGIANATO FERRO CERAMICHE. LEGNO TESSUTI VIMINI. GASTRONOMIA. LA CARNE, SIGNORE DI LOCRI E GERACE. DAL SUD IN EUROPA. DA PALINURO A CAPO SPUNICO. LOCRIDE, STATUETTE. ARCHITETTURE, PORTALI DELLE CHIESE. VESTITI ANTICHI E MODERNI. PAESAGGI E BORGHI. MONTI SILA. ARTISTI. SANTI DI TAVERNA. MATTIA PRETI. IL CODICE PURPUREO. ARTE E MINIATURA. CHIERICI I. DRESCIG M. FABIANI E. GIUNTINI R. MAGNI E. MORGAN K. ORSINI N. SGARBI V.
650 ## - SUBJECT ADDED ENTRY--TOPICAL TERM
Topical term or geographic name as entry element SCIENZE UMANE E RELIGIOSE
942 ## - ADDED ENTRY ELEMENTS (KOHA)
Koha item type RIVISTA
957 ## -
-- 1
999 ## - SYSTEM CONTROL NUMBERS (KOHA)
-- 1
Dati di copia
Withdrawn status Lost status Damaged status Not for loan Home library Current library Date acquired Total Checkouts Full call number Date last seen Price effective from Koha item type Public note
    Buone Condizioni Not For Loan ALBA - Biblioteca ALBA - Biblioteca 16/01/2017   R053-S7663 16/01/2017 16/01/2017 RIVISTA (data import: 16 gennaio 2017) - By Epidotti, Vaglietti.
CREDITS: SOCIETA' SAN PAOLO Via A.Severo, 58 - ROMA (RM) & PERIODICI SAN PAOLO SRL Via Giotto, 36 MILANO & CISF Via Giotto, 36 MILANO & EDIZIONI SAN PAOLO SRL,  Piazza Soncino, 5 CINISELLO BALSAMO (MI) -- ITALY